Nettls Elephant (Record no. 15752)

MARC details
000 -LEADER
fixed length control field 00359nam a22001217a 4500
008 - FIXED-LENGTH DATA ELEMENTS--GENERAL INFORMATION
fixed length control field 160311b xxu||||| |||| 00| 0 eng d
020 ## - INTERNATIONAL STANDARD BOOK NUMBER
International Standard Book Number 0252077425
100 ## - MAIN ENTRY--PERSONAL NAME
Personal name Nettl Bruno
245 ## - TITLE STATEMENT
Title Nettls Elephant
Remainder of title On the History of Ethnomusicology
260 ## - PUBLICATION, DISTRIBUTION, ETC. (IMPRINT)
Place of publication, distribution, etc. U.S.A
Name of publisher, distributor, etc. University of illinois
Date of publication, distribution, etc. 2010
300 ## - PHYSICAL DESCRIPTION
Extent xxix,256P.
Other physical details ill.
942 ## - ADDED ENTRY ELEMENTS (KOHA)
Source of classification or shelving scheme Library of Congress Classification
Koha item type Reserve Collection
Call number prefix ML 3799 .N38 2010
Holdings
Withdrawn status Lost status Source of classification or shelving scheme Not for loan Home library Current library Shelving location Date acquired Cost, normal purchase price Total Checkouts Full call number Barcode Date last seen Copy number Price effective from Koha item type
    Library of Congress Classification   Kabarak, Main Campus Kabarak, Main Campus General Stacks 11/03/2016 4350.00   ML3799 .N48 2010 C.1 026045 11/03/2016 C.1 11/03/2016 General Collection
Designed with assistance from East African Informatics Ltd